Т. 5. "Дорогой Владимир Ильич!..": [сборник документов]; Пермская Лениниана

Détails bibliographiques
Parent link:Пермская Лениниана: библиотечка в двадцати томах/ сост. и ред. библиотечки Б. Грин. Т. 5. "Дорогой Владимир Ильич!..".— [2-е изд., с изм.].— , 1984
Autres auteurs: Аликина Н. А. (составитель автор предисловия)
Langue:russe
Publié: 1984
Sujets:
Format: MixedMaterials Livre
KOHA link:https://koha.lib.tpu.ru/cgi-bin/koha/opac-detail.pl?biblionumber=236317

MARC

LEADER 00000nam2a2200000 4500
001 236317
005 20260425071717.0
035 |a (RuTPU)RU\TPU\book\257477 
035 |a RU\TPU\book\257445 
090 |a 236317 
100 |a 20130422d1984 m y0rusy50 ca 
101 0 |a rus 
102 |a RU 
105 |a y z 001zy 
200 0 |a Т. 5. "Дорогой Владимир Ильич!.."  |e [сборник документов]  |f  сост. и введ. Н. А. Аликиной 
210 |d 1984 
215 |a 128 с.  |d 8 см. 
320 |a Примечания: с. 128. 
461 1 |0 (RuTPU)RU\TPU\book\257423  |t Пермская Лениниана  |o библиотечка в двадцати томах  |f сост. и ред. библиотечки Б. Грин  |v Т. 5. "Дорогой Владимир Ильич!.."  |e [2-е изд., с изм.]  |d 1984 
606 |7 ca  |8 rus  |a Ленин В. И.  |x Жизнь и деятельность  |9 89215 
606 |a Пермская область  |x История  |9 89252 
610 1 |a Прикамье 
610 1 |a документы 
610 1 |a письма 
610 1 |a резолюции 
610 1 |a лениниана 
610 1 |a миниатюрные издания 
686 |a Т3(2)6-8Ленин35  |2 rubbk 
686 |a Т3(235.55)  |2 rubbk 
702 1 |a Аликина  |b Н. А.  |4 220  |4 080 
801 1 |a RU  |b 63413507  |c 20130422 
801 2 |a RU  |b 63413507  |c 20180809  |g RCR 
942 |c BK